<?xml version="1.0" encoding="UTF-8"?>
<record
    xmlns:xsi="http://www.w3.org/2001/XMLSchema-instance"
    xsi:schemaLocation="http://www.loc.gov/MARC21/slim http://www.loc.gov/standards/marcxml/schema/MARC21slim.xsd"
    xmlns="http://www.loc.gov/MARC21/slim">

  <leader>01437cam a2200253 a 4500</leader>
  <controlfield tag="001">16864801</controlfield>
  <controlfield tag="003">OSt</controlfield>
  <controlfield tag="005">20220704134715.0</controlfield>
  <controlfield tag="008">110711s2013    nyua     b    001 0 eng  </controlfield>
  <datafield tag="020" ind1=" " ind2=" ">
    <subfield code="a">9780199861620 </subfield>
  </datafield>
  <datafield tag="040" ind1=" " ind2=" ">
    <subfield code="a">DLC</subfield>
    <subfield code="c">DLC</subfield>
    <subfield code="d">DLC</subfield>
  </datafield>
  <datafield tag="042" ind1=" " ind2=" ">
    <subfield code="a">pcc</subfield>
  </datafield>
  <datafield tag="050" ind1="0" ind2="0">
    <subfield code="a">P90.R665(4e)</subfield>
  </datafield>
  <datafield tag="100" ind1="1" ind2=" ">
    <subfield code="a">Rothwell, J. Dan.</subfield>
  </datafield>
  <datafield tag="245" ind1="1" ind2="0">
    <subfield code="a">In the company of others : an introduction to communication /</subfield>
    <subfield code="c">J. Dan Rothwell.</subfield>
  </datafield>
  <datafield tag="250" ind1=" " ind2=" ">
    <subfield code="a">4th ed.</subfield>
  </datafield>
  <datafield tag="260" ind1=" " ind2=" ">
    <subfield code="a">New York :</subfield>
    <subfield code="b">Oxford University Press,</subfield>
    <subfield code="c">2013.</subfield>
  </datafield>
  <datafield tag="300" ind1=" " ind2=" ">
    <subfield code="a">xxviii, 470 + various pages :</subfield>
    <subfield code="b">ill. (chiefly col.) ;</subfield>
    <subfield code="c">26 cm.</subfield>
  </datafield>
  <datafield tag="500" ind1=" " ind2=" ">
    <subfield code="a">Previously published: 3rd ed. 2010.</subfield>
  </datafield>
  <datafield tag="504" ind1=" " ind2=" ">
    <subfield code="a">Includes bibliographical references and index.</subfield>
  </datafield>
  <datafield tag="505" ind1=" " ind2=" ">
    <subfield code="a">Contents : Part one : Fundamentals of communication : Competent communication : effective and appropriate -- Perception of self and others : who am I ? who are they? -- Culture and gender -- Language : sharing meaning with words -- Nonverbal communication : sharing meaning without words -- Listening to others -- Part two : Interpersonal communication : Power : the inescapable interpersonal dynamic -- Making relationship work -- Interpersonal conflict management -- Part three : Group communication : The anatomy of small groups -- Effective groups -- Part four : Public speaking : Preparing speeches -- Presenting speeches -- Informative speaking -- Persuasive speaking.  </subfield>
  </datafield>
  <datafield tag="650" ind1=" " ind2="0">
    <subfield code="a">Communication.</subfield>
  </datafield>
  <datafield tag="942" ind1=" " ind2=" ">
    <subfield code="2">lcc</subfield>
    <subfield code="c">BK</subfield>
  </datafield>
  <datafield tag="999" ind1=" " ind2=" ">
    <subfield code="c">9049</subfield>
    <subfield code="d">16549</subfield>
  </datafield>
  <datafield tag="952" ind1=" " ind2=" ">
    <subfield code="0">0</subfield>
    <subfield code="1">0</subfield>
    <subfield code="2">lcc</subfield>
    <subfield code="4">0</subfield>
    <subfield code="7">0</subfield>
    <subfield code="a">WIUC-1</subfield>
    <subfield code="b">WIUC-1</subfield>
    <subfield code="c">REF</subfield>
    <subfield code="d">2022-07-04</subfield>
    <subfield code="l">0</subfield>
    <subfield code="o">P90.R665(4e)</subfield>
    <subfield code="p">8602/054/20</subfield>
    <subfield code="r">2022-07-04 00:00:00</subfield>
    <subfield code="t">1</subfield>
    <subfield code="w">2022-07-04</subfield>
    <subfield code="y">BK</subfield>
  </datafield>
</record>
